| 000 | 00351nam a2200145 a 4500 | ||
|---|---|---|---|
| 008 | 980323s1976||||xx 0 und c | ||
| 040 |
_aSNK _bslo _cSNK _eAACR2 |
||
| 100 | 1 | _aDimov, Dimitar | |
| 245 | 1 | 0 | _aOdsúdené duše |
| 260 |
_aBratislava _bSlovenský spisovateľ _c1976 |
||
| 300 | _a273 s. | ||
| 020 | _c19 | ||
| 044 |
_axo _cSK |
||
| 041 | _aslo | ||
| 999 |
_c10371 _d10371 |
||